Branky, body, kokoti /

Main Author: Dočkalová, Tereza, 1988-
Other Authors: Grosmanová, Markéta, Sládečková, Irena, Wallerová, Radka, 1974-, Zemen, Brigita, 1985-, Cífka, Petr, 1983-
Language: Czech
Published: Praha : Euromedia Group, 2021
Edition: Vydání první
Subjects:
Physical Description: 283 stran : barevné ilustrace, portréty ; 23 cm
Book
Saved in:
LEADER 02441nam a2200673 i 4500
001 nkc20213353210
003 CZ PrNK
005 20220506092736.0
007 ta
008 210921s2021 xr ac e 000 1 cze
015 |a cnb003353210 
020 |a 978-80-242-7808-7  |q (brožováno) :  |c Kč 399,00 
035 |a (OCoLC)1329409163 
040 |a OLA001  |b cze  |e rda 
043 |a e-xr--- 
072 7 |a 316.3  |x Globální společnosti. Sociální struktura. Sociální skupiny  |2 Konspekt  |9 18 
080 |a 316.346.2  |2 MRF 
080 |a 141.72  |2 MRF 
080 |a 82-7  |2 MRF 
080 |a 7.097  |2 MRF 
080 |a 654.197:004.738.5  |2 MRF 
080 |a (437.3)  |2 MRF 
080 |a (0:82-4)  |2 MRF 
080 |a (047.53)  |2 MRF 
100 1 |a Dočkalová, Tereza,  |d 1988-  |7 osa2012691423  |4 aut 
245 1 0 |a Branky, body, kokoti /  |c Tereza Dočkalová, Markéta Grosmanová, Irena Sládečková, Radka Wallerová, Brigita Zemen, Petr Cífka 
250 |a Vydání první 
264 1 |a Praha :  |b Euromedia Group,  |c 2021 
300 |a 283 stran :  |b barevné ilustrace, portréty ;  |c 23 cm 
336 |a text  |b txt  |2 rdacontent 
337 |a bez média  |b n  |2 rdamedia 
338 |a svazek  |b nc  |2 rdacarrier 
500 |a Na obálce uvedeno nakladatelství: Listen 
650 0 7 |a muži a ženy  |7 ph123061  |2 czenas 
650 0 7 |a feminismus  |7 ph120150  |2 czenas 
650 0 7 |a satira  |7 ph125426  |z Česko  |2 czenas 
650 0 7 |a televizní pořady  |7 ph126513  |z Česko  |2 czenas 
650 0 7 |a internetové televize  |7 ph923280  |z Česko  |2 czenas 
650 0 9 |a men and women  |2 eczenas 
650 0 9 |a feminism  |2 eczenas 
650 0 9 |a satire  |z Czechia  |2 eczenas 
650 0 9 |a television programs  |z Czechia  |2 eczenas 
650 0 9 |a Internet television  |z Czechia  |2 eczenas 
655 7 |a fejetony  |7 fd132252  |2 czenas 
655 7 |a rozhovory  |7 fd133303  |2 czenas 
655 9 |a feuilletons  |2 eczenas 
655 9 |a interviews  |2 eczenas 
700 1 |a Grosmanová, Markéta  |7 xx0269164  |4 aut 
700 1 |a Sládečková, Irena  |7 xx0269161  |4 aut 
700 1 |a Wallerová, Radka,  |d 1974-  |7 mzk2003175454  |4 aut 
700 1 |a Zemen, Brigita,  |d 1985-  |7 xx0269159  |4 aut 
700 1 |a Cífka, Petr,  |d 1983-  |7 ola2018995261  |4 aut 
910 2 |a BOA001  |b 2-1484.167 
928 9 |a Listen 
928 9 |a Euromedia Group - Listen 
990 |a BK 
995 |a 01 
991 |b 202204  |c NOV 
996 6 |b 2610897645  |c 2-1484.167  |l MZK  |r Sklad / do 1 hodiny  |n 1  |p p.v.  |w 001881571  |u 000010  |a 1  |e BOA001  |j MZK50  |s P